ELEMENTORVM RHETORICES LIBRI DVO: RECENS RECOGNITI AB AVTORE Philippo Melanthone. His adiecta sunt Epistolae contrariae, PICI et HERMOLAI BARBATI, vna cum dispositione PHILIP. MELANT. Accessit demum Index & rerum & verborum locupletissimus

Hlavní autor: Melanchthon, Philipp, 1497-1560
Další autoři: Barbaro, Ermolao, 1454-1493
Jazyk: Řečtina, starověká (do 1453)
Latina
Vydáno: Witebergae : Clemens Schleich excudebat, 1588
Témata:
Externí odkaz: Titulní list
Titulní list 1. přívazku
Titulní list 2. přívazku
Fyzický popis: [2], 217, [33] s. ; 8°
Language note: Latinký jazyk s použitými starořeckými výrazy
Knihy
Uloženo v:
LEADER 03082nam a2200601 a 4500
001 mzk03001197748
003 CZ BrMZK
005 20140318175138.0
007 ta
008 140317s1588 gw f |||| 0 lat d
040 |a BOA001  |b cze 
041 0 |a lat  |a grc 
072 7 |a 808  |x Literární styl. Literární činnost a technika. Efektivní využívání jazyka. Spisovatelská činnost  |2 Konspekt  |9 11 
072 7 |a 094  |x Staré tisky  |2 Konspekt  |9 12 
080 |a 808.5  |2 MRF 
080 |a 162.6  |2 MRF 
080 |a 025.171  |2 MRF 
080 |a (0.068)094  |2 MRF 
100 1 |a Melanchthon, Philipp,  |d 1497-1560  |7 jn20000701205  |4 aut 
245 1 0 |a ELEMENTORVM RHETORICES LIBRI DVO: RECENS RECOGNITI AB AVTORE Philippo Melanthone. His adiecta sunt Epistolae contrariae, PICI et HERMOLAI BARBATI, vna cum dispositione PHILIP. MELANT. Accessit demum Index & rerum & verborum locupletissimus 
246 3 |a ELEMENTORUM RHETORICES LIBRI DUO 
260 |a Witebergae :  |b Clemens Schleich excudebat,  |c 1588 
300 |a [2], 217, [33] s. ;  |c 8° 
500 |a Výzdoba: Na titulním listu viněta, koncová viněta 
501 |a Obsahuje: Přívazek 1, Jus Publicum Romanorum... / Mathaeus Dresser. -- Přívazek 2, Conciones Quinque ... / Adam Rother 
546 |a Latinký jazyk s použitými starořeckými výrazy 
561 |a Provenience: [m.p.] Loc: P.P. Capucinorum N.148 Nikolspurg 
561 |a Provenience: [m.p.] Inservio Núsis. Christiph: Neuhaus. Fribergensis Misnici Constat 5g. 
561 |a Provenience: [m.p.] Fidius Monumentum amicae recordationis dono dedit. Christophorus de Newhaus S.S. Theol. Studio.. amico suo perchar... Georgio Craus Viennae I. Maji 1616 
563 |a Vazba pergamenová na lepenkové desce, rámce, zbytky červené ořízky 
590 |a Poškozený list s paginací 2-3 téměř nedochován 
650 7 |a rétorika  |7 ph125389  |2 czenas 
650 7 |a dialektika  |7 ph119420  |2 czenas 
650 7 |a historické knihovní fondy  |7 ph172933  |2 czenas 
655 7 |a staré tisky  |7 fd422076  |2 czenas 
700 1 |a Barbaro, Ermolao,  |d 1454-1493  |7 ola2008452262  |4 ant 
856 4 1 |u https://imageserver.mzk.cz/mzk03/001/197/748/328100214246.titul.jp2  |y Titulní list 
856 4 1 |u https://imageserver.mzk.cz/mzk03/001/197/748/328100214246.titul1.jp2  |y Titulní list 1. přívazku 
856 4 1 |u https://imageserver.mzk.cz/mzk03/001/197/748/328100214246.titul2.jp2  |y Titulní list 2. přívazku 
903 |a RP 
910 |e BOE950  |c R - P. I. bb. 30 
978 |b Schleich, Clemens  |a Wittenberg  |c 1588 
981 1 |a Newhaus, Christophor  |8 do 1616 
981 1 |a Craus, Georg  |8 do 1616 
982 0 |a Mikulov - kapucínský klášter 
984 |a Wittenberg  |b Německo 
985 |a 1551-1600 
990 |a BK 
996 |e BOE950  |c R - P. I. bb. 30 
980 |c 214246  |g R - P. I. bb. 30  |1 328100214246  |p N.7597 
991 |k rajhrad 
994 |a DN  |l MZK03  |b 001197831  |m záznam 1. díla (pro objednání pokračujte kliknutím)  |n přívazek 1 
994 |a DN  |l MZK03  |b 001197837  |m záznam 1. díla (pro objednání pokračujte kliknutím)  |n přívazek 2